000 00747pam a2200205 a 4500
020 _a0471969397 (hardcover : alk. paper)
082 0 0 _a624.5
_bGIM
_cL-NUST, P-22
100 1 _aGimsing, Niels J.
_943431
245 1 0 _aCable supported bridges :
_bconcept and design /
_cNiels J. Gimsing.
250 _a2nd ed.
260 _aChichester [England] ;
_bNew York :
_bJohn Wiley,
_cc1997.
300 _aviii, 471 p. :
_bill. ;
_c26 cm.
526 _a0
_b0
_c0
_d624_500000000000000_GIM
650 0 _aCable-stayed bridges.
_943432
650 0 _aMCE
_9379
650 0 _aSuspension bridges.
_943433
856 4 _uhttp://www.loc.gov/catdir/toc/onix07/96037411.html
856 4 2 _uhttp://www.loc.gov/catdir/description/wiley036/96037411.html
942 _2ddc
_cBK
999 _c547244
_d547244